000 01655cam a22004694i 4500
003 PE-LiUPU
005 20250731173059.0
008 150623s1991 na rb 000 0 eng d
020 _a080546042X
035 _a(Sirsi) i9780805460421
040 _aPE-LiUPU
_bspa
_cPE-LiUPU
_erda
049 _aPRUA
082 0 4 _a230.7002
_bF76
_221
100 1 _aFord, Leroy,
_eautor.
245 1 2 _aA curriculum design manual for theological education :
_ba learning outcomes focus /
_cLeroy Ford.
264 1 _aNashville, Tennessee :
_bBroadman Press,
_c1991.
300 _a352 páginas :
_bilustraciones, cuadros, gráficos ;
_c23 centímetros
336 _atext
_2rdacontent
337 _aunmediated
_2rdamedia
338 _avolume
_2rdacarrier
500 _aContiene glosario.
504 _aIncluye bibliografía.
505 0 _aWhat curriculum means -- Developing a curruculum design -- Writing the course descripcions.
526 _aSEG42
526 _aSEG41
526 _aSEG40
526 _aSEG39
526 _aP94
526 _aP87
526 _aP86
526 _aP85
526 _aP77
526 _aP76
526 _aP35
650 1 4 _aTeología
_xEnseñanza
_zEstados Unidos
_vManuales.
942 _2ddc
_cBOOK
949 _a230.7002 F76
_wDEWEY
_c1
_i48811
_lCCODEBUL1
_mBUL
_r0
_sY
_tBOOK
_u2015-6-24
_xTEOLOGIA
_PP35
_0COMPRA
_o.STAFF. Colección Teología
994 _aC0
_bPEPRU
596 _a1
999 _a230.7002 F76
_wDEWEY
_c27970
_i48811
_f2021-11-9
_g5
_lCCODEBUL1
_mBUL
_p34.00
_q1
_r0
_sY
_tBOOK
_u2015-6-24
_xTEOLOGIA
_PP35
_0COMPRA
_o.STAFF. Colección Teología
_d27970
980 _81
_gALBERTO SANCHEZ Responsable de Automatización